|
|
|
|
| LEADER |
00000nam0a2200000 4500 |
| 001 |
97226 |
| 005 |
20231031110838.0 |
| 010 |
|
|
|a 5845908914
|b 3000 экз.
|
| 021 |
|
|
|a RU
|b 05-80053
|9 05-3955
|
| 035 |
|
|
|a (RuTPU)RU\TPU\book\104221
|
| 090 |
|
|
|a 97226
|
| 100 |
|
|
|a 20060524d2006 km y0rusy5002 ca
|
| 101 |
1 |
|
|a rus
|c eng
|
| 102 |
|
|
|a RU
|
| 105 |
|
|
|a y z 001zy
|
| 200 |
1 |
|
|a Язык программирования С
|e пер. с англ.
|f Б. Керниган, Д. Ритчи
|
| 205 |
|
|
|a 2-е изд., перераб. и доп.
|
| 210 |
|
|
|a Москва [и др.]
|c Вильямс
|d 2006
|
| 215 |
|
|
|a 289 с.
|d 23 см.
|
| 225 |
1 |
|
|a Серия книг по программированию от Prentice Hall
|
| 320 |
|
|
|a Предметный указатель: с. 284-289.
|
| 330 |
|
|
|a Классическая книга по языку С, написанная самими разработчиками этого языка и выдержавшая в США уже 34 переиздания! Книга является как практически исчерпывающим справочником, так и учебным пособием по самому распространенному языку программирования. Предлагаемое второе издание книги было существенно переработано по сравнению с первым в связи с появлением стандарта ANSI С, для которого она частично послужила основой. Книга не рекомендуется для чтения новичкам; для своего изучения она требует знания основ программирования и вычислительной техники. Книга предназначена для широкого круга программистов и компьютерных специалистов. Может использоваться как учебное пособие для вузов.
|
| 333 |
|
|
|a Исключено из фонда НТБ ТПУ
|
| 675 |
|
|
|a 681.3.06:800.92
|v 3
|z rus
|
| 700 |
|
1 |
|a Керниган
|b Б. У.
|g Брайн У.
|4 070
|
| 701 |
|
1 |
|a Ритчи
|b Д. М.
|g Деннис М.
|4 070
|
| 801 |
|
0 |
|a RU
|b RKP
|c 20060203
|g PSBO
|
| 801 |
|
1 |
|a RU
|b 63413507
|c 20060524
|g PSBO
|
| 801 |
|
2 |
|a RU
|b 63413507
|c 20210531
|g PSBO
|
| 942 |
|
|
|c BK
|